000 00426nam a2200121Ia 4500
008 220615s9999||||xx |||||||||||||| ||und||
245 0 _aHIV and AIDS
_bUpdates on Biology, Immunology, Epidemiology and Treatment Strategies
546 _aEnglish[eng]
650 _aInfectious & contagious diseases
700 _aDumais, Nancy
856 _uhttps://mts.intechopen.com/storage/books/278/authors_book/authors_book.pdf
942 _cEB
999 _c17328
_d17328